[Event "POL-chT3 Kujawsko Pomorskie 1011"]
[Site "Poland"]
[Date "2011.02.27"]
[Round "7.27"]
[White "Budrewicz, Jan"]
[Black "Wisniewski, Adam"]
[Result "0-1"]
[WhiteElo "1978"]
[BlackElo "2031"]
[PlyCount "112"]
[EventDate "2010.11.07"]
[EventType "team-tourn"]
[EventRounds "11"]
[EventCountry "POL"]
[SourceTitle "EXT 2019"]
[Source "ChessBase"]
[SourceDate "2018.10.10"]
[SourceVersion "1"]
[SourceVersionDate "2018.10.10"]
[SourceQuality "1"]

1. d4 d5 2. c4 e6 3. Nc3 Nf6 4. Bg5 Be7 5. e3 h6 6. Bh4 0-0 7. Nf3 b6 8. Rc1 Bb7 9. Bd3 c5 10. 0-0 Nbd7 11. Ne5 Rc8 12. cxd5 Nxd5 13. Bxe7 Qxe7 14. Nxd7 Qxd7 15. dxc5 Rxc5 16. Ne2 Rxc1 17. Qxc1 Rc8 18. Qd2 Nf6 19. Rd1 Qd5 20. f3 Qxa2 21. Nc3 Qa5 22. Bb1 Qc5 23. Kf2 g6 24. h3 b5 25. Ne2 Qe5 26. Qd4 Qxd4 27. Rxd4 Kf8 28. Bd3 a6 29. Bb1 Ke7 30. Ke1 a5 31. e4 Nd7 32. Rd1 Ne5 33. b3 a4 34. bxa4 bxa4 35. Rd4 a3 36. Ra4 Ra8 37. Rxa8 Bxa8 38. Kd2 Bc6 39. Nc3 f5 40. exf5 exf5 41. Ke2 Kd6 42. Ba2 Kc5 43. Nb1 Bb5+ 44. Kd2 Bc4 45. Nxa3 Bxa2 46. Nc2 Bd5 47. Ke2 Nc4 48. Kd3 Bc6 49. Ke2 f4 50. Kd3 Ne3 51. Nxe3 fxe3 52. Kxe3 Kd6 53. h4 Ke5 54. Kf2 Kf5 55. Ke3 Bd7 56. Kd3 Kf4 0-1

[Event "POL-chT3 Kujawsko Pomorskie 1011"]
[Site "Poland"]
[Date "2010.11.28"]
[Round "2"]
[White "Katafiasz, Tomasz"]
[Black "Wisniewski, Adam"]
[Result "0-1"]
[WhiteElo "1866"]
[BlackElo "2031"]
[PlyCount "98"]
[EventDate "2010.11.07"]
[EventType "team-tourn"]
[EventRounds "11"]
[EventCountry "POL"]
[SourceTitle "EXT 2019"]
[Source "ChessBase"]
[SourceDate "2018.10.10"]
[SourceVersion "1"]
[SourceVersionDate "2018.10.10"]
[SourceQuality "1"]

1. d4 Nf6 2. Nf3 g6 3. c4 Bg7 4. Nc3 d6 5. g3 0-0 6. Bg2 Nc6 7. 0-0 Bd7 8. e4 e5 9. d5 Ne7 10. c5 dxc5 11. Nxe5 Nxe4 12. Nxe4 Bxe5 13. Nxc5 Rb8 14. Re1 Bd6 15. Ne4 Nf5 16. Bg5 f6 17. Nxd6 cxd6 18. Bf4 Qb6 19. g4 Nh4 20. Re7 Nxg2 21. Kxg2 Rf7 22. Rxf7 Kxf7 23. h3 Rc8 24. b3 Qb4 25. Be3 a6 26. Qf3 Qc3 27. Rc1 Qd3 28. Rd1 Qc3 29. Kg1 a5 30. Rc1 Qe5 31. Rxc8 Bxc8 32. a4 b5 33. Bf4 Qe1+ 34. Kh2 bxa4 35. bxa4 Qb4 36. Qe3 Qc5 37. Qg3 Bb7 38. Bxd6 Qxd5 39. f3 Qd2+ 40. Kg1 Qd1+ 41. Kf2 Qd4+ 42. Ke1 Qxa4 43. Bb8 Qb4+ 44. Kf2 Qc5+ 45. Ke1 a4 46. Bd6 Qc3+ 47. Kf2 Qd4+ 48. Ke1 a3 49. Bb8 Qe3+ 0-1

[Event "Chelm Earth op"]
[Site "Chelm Lubelski"]
[Date "2010.07.11"]
[Round "5"]
[White "Wisniewski, Adam"]
[Black "Kowalczyk, Rafal"]
[Result "0-1"]
[WhiteElo "2053"]
[BlackElo "2048"]
[PlyCount "78"]
[EventDate "2010.07.07"]
[EventType "swiss"]
[EventRounds "5"]
[EventCountry "POL"]
[SourceTitle "EXT 2023"]
[Source "ChessBase"]
[SourceDate "2022.10.05"]
[SourceVersion "1"]
[SourceVersionDate "2022.10.05"]
[SourceQuality "1"]

1. e4 e5 2. Bc4 Bc5 3. Nf3 Nc6 4. c3 Nf6 5. d3 d6 6. Bb3 0-0 7. Nbd2 Bb6 8. h3 Ne7 9. Nc4 Ng6 10. Nxb6 axb6 11. Bg5 h6 12. Be3 d5 13. Qc2 Be6 14. 0-0 c5 15. exd5 Nxd5 16. d4 c4 17. Ba4 e4 18. Ne5 Nxe5 19. dxe5 Nxe3 20. fxe3 Qg5 21. Bb5 Qxe5 22. a4 Rad8 23. Qf2 Rd3 24. Rae1 Rfd8 25. Qh4 Rd2 26. Rf2 g5 27. Qxh6 Qg3 28. Qf6 Rd1 29. Ref1 Rxf1+ 30. Rxf1 Rd2 31. Rf2 Qxe3 32. h4 gxh4 33. Qf4 Qxf2+ 34. Qxf2 Rxf2 35. Kxf2 Kf8 36. Ke3 f5 37. Kd4 Ke7 38. Ke3 Kd6 39. Be8 Ke5 0-1

[Event "Chelm Earth op"]
[Site "Chelm Lubelski"]
[Date "2010.07.09"]
[Round "3"]
[White "Wasik, Roman"]
[Black "Wisniewski, Adam"]
[Result "0-1"]
[WhiteElo "1738"]
[BlackElo "2053"]
[PlyCount "54"]
[EventDate "2010.07.07"]
[EventType "swiss"]
[EventRounds "5"]
[EventCountry "POL"]
[SourceTitle "EXT 2023"]
[Source "ChessBase"]
[SourceDate "2022.10.05"]
[SourceVersion "1"]
[SourceVersionDate "2022.10.05"]
[SourceQuality "1"]

1. Nf3 Nf6 2. c4 g6 3. d4 Bg7 4. Nc3 0-0 5. e4 d6 6. Be2 e5 7. 0-0 Nc6 8. d5 Ne7 9. b4 a5 10. Ba3 Ne8 11. bxa5 Rxa5 12. Bb4 Ra8 13. a4 h6 14. Qb3 f5 15. c5 g5 16. Nd2 f4 17. f3 Ng6 18. c6 bxc6 19. dxc6+ Kh8 20. a5 h5 21. a6 g4 22. a7 g3 23. hxg3 fxg3 24. f4 Nxf4 25. Nf3 Bg4 26. Nd5 Nxe2+ 27. Kh1 Rxf3 0-1

[Event "Chelm Earth op"]
[Site "Chelm Lubelski"]
[Date "2010.07.07"]
[Round "1"]
[White "Wrzesinski, Gustaw"]
[Black "Wisniewski, Adam"]
[Result "0-1"]
[WhiteElo "1362"]
[BlackElo "2055"]
[PlyCount "55"]
[EventDate "2010.07.07"]
[EventType "swiss"]
[EventRounds "5"]
[EventCountry "POL"]
[SourceTitle "EXT 2023"]
[Source "ChessBase"]
[SourceDate "2022.10.05"]
[SourceVersion "1"]
[SourceVersionDate "2022.10.05"]
[SourceQuality "1"]

1. d4 Nf6 2. Nf3 g6 3. c4 Bg7 4. Nc3 0-0 5. e4 d6 6. g3 a6 7. Bg2 Nc6 8. 0-0 Rb8 9. Bf4 Nh5 10. Be3 b5 11. cxb5 axb5 12. a3 Na5 13. b4 Nc4 14. Qc1 Nxe3 15. Qxe3 c6 16. Rad1 Ra8 17. Ra1 Qb6 18. Rfd1 Be6 19. Qc1 Bb3 20. Rd3 Bc4 21. Rd1 Nf6 22. e5 Nd5 23. Nxd5 Bxd5 24. Qg5 dxe5 25. dxe5 f6 26. exf6 Bxf6 27. Qc1 Bxf3 28. Bxf3 0-1